00875nam a22002537a 450000500170000001000130001702000230003003500130005303700160006604000120008208200160009410000280011024500820013826000450022027000460026530000200031150000200033165000290035165000350038070000230041594200250043899900190046395201390048220170124110234.0 aB-106241 c225.00a8120321944 aB-106241 bCen Lib/Ret aDPLbEN a621.31bPAI aPaithankar, Y.G.941885 aFundamental of power system protection /cby Y.G. Paithnkar [and] S.R. Bhide  aNew DelhibPrentice hall of India c2005 bNew DelhiaM-97, Connaught circus e11001 a287p.c23cm(Hb) aIncludes index  aComputer science 941886 aPower system protection941887 aBhide, S.R.941869 2ddccENh621.31mPAI c134828d134828 00104070aLbLd2015-07-31eCen Lib/Retg225.00l1o621.31 PAIpB-106241r2019-08-21 00:00:00s2018-06-11t1v225.00w2015-07-31yEN